|
|
|
|
| LEADER |
03311nam a22003853i 4500 |
| 001 |
EBC6760887 |
| 003 |
MiAaPQ |
| 005 |
20231204023219.0 |
| 006 |
m o d | |
| 007 |
cr cnu|||||||| |
| 008 |
231204s2020 xx o ||||0 eng d |
| 020 |
|
|
|a 9783839453100
|q (electronic bk.)
|
| 020 |
|
|
|z 9783732853106
|
| 035 |
|
|
|a (MiAaPQ)EBC6760887
|
| 035 |
|
|
|a (Au-PeEL)EBL6760887
|
| 035 |
|
|
|a (OCoLC)1249949154
|
| 040 |
|
|
|a MiAaPQ
|b eng
|e rda
|e pn
|c MiAaPQ
|d MiAaPQ
|
| 100 |
1 |
|
|a Dehkordi, Sara.
|
| 245 |
1 |
0 |
|a Segregation, Inequality, and Urban Development :
|b Forced Evictions and Criminalisation Practices in Present-Day South Africa.
|
| 250 |
|
|
|a 1st ed.
|
| 264 |
|
1 |
|a Bielefeld :
|b transcript,
|c 2020.
|
| 264 |
|
4 |
|c ©2020.
|
| 300 |
|
|
|a 1 online resource (262 pages)
|
| 336 |
|
|
|a text
|b txt
|2 rdacontent
|
| 337 |
|
|
|a computer
|b c
|2 rdamedia
|
| 338 |
|
|
|a online resource
|b cr
|2 rdacarrier
|
| 490 |
1 |
|
|a Edition Politik ;
|v v.99
|
| 505 |
0 |
|
|a Intro -- Contents -- Acknowledgements -- Introduction -- Beginnings -- Impressions -- The book -- Chapter one -- The colonial archives repertoire -- Introduction -- Thinking archive with Derrida -- Coloniality and the archive -- The archive, institutionalisation, and the making of memory -- Archive and method -- Thinking the forbidden archive -- Coloniality and the Urban Development Discourse -- Imagining a third space -- Conclusion -- Chapter two -- Policies of Displacement - Forced Evictions and their Discursive Framing -- Introduction -- The District Six evictions -- The evictions of the Joe Slovo Residents -- The evictions in Symphony Way -- The Tafelsig evictions -- Blikkiesdorp -- Conclusion -- Chapter three -- "Cleaning" the streets - Urban Development Discourse and criminalisation practices -- Introduction -- Politico‐economic violence and the coloniality of the present -- The category of "the poor" and the disciplining effects of space -- Superfluous informal traders -- The security sector and the production of fear -- The business elite -- Urban Development Discourse and media -- Conclusion -- Chapter four -- Architectures of Division -- Introduction -- First coordinate: Table Mountain -- Second coordinate: Vredehoek Quarry -- Third coordinate: Victoria Road -- Fourth coordinate: Imizamo Yethu -- Fifth coordinate: Main Library, University of Stellenbosch -- Conclusion -- Chapter five -- Intervention through art - Performing is making visible -- Introduction -- Steven Cohen - The Chandelier -- The Xcollektiv - Non-Poor Only -- Ayesha Price - Save the Princess -- Donovan Ward - Living on the Edge -- Conclusion -- ConclusionS -- Epilogue -- Bibliography -- Books, journal articles, reports and court judgments.
|
| 588 |
|
|
|a Description based on publisher supplied metadata and other sources.
|
| 590 |
|
|
|a Electronic reproduction. Ann Arbor, Michigan : ProQuest Ebook Central, 2023. Available via World Wide Web. Access may be limited to ProQuest Ebook Central affiliated libraries.
|
| 655 |
|
4 |
|a Electronic books.
|
| 776 |
0 |
8 |
|i Print version:
|a Dehkordi, Sara
|t Segregation, Inequality, and Urban Development
|d Bielefeld : transcript,c2020
|z 9783732853106
|
| 797 |
2 |
|
|a ProQuest (Firm)
|
| 830 |
|
0 |
|a Edition Politik
|
| 856 |
4 |
0 |
|u https://ebookcentral.proquest.com/lib/matrademy/detail.action?docID=6760887
|z Click to View
|